[Event "Lugansk Stanitsa"]
[Site "Lugansk"]
[Date "2010.12.19"]
[Round "7"]
[White "Pilavov, Georgy"]
[Black "Semeniuk, Vladimir"]
[Result "1-0"]
[WhiteElo "2621"]
[BlackElo "2259"]
[PlyCount "45"]
[EventDate "2010.12.16"]
[EventType "tourn"]
[EventRounds "9"]
[EventCountry "UKR"]
[EventCategory "6"]
[SourceTitle "CBM 140 Extra"]
[Source "ChessBase"]
[SourceDate "2011.03.01"]
[SourceVersion "1"]
[SourceVersionDate "2011.03.01"]
[SourceQuality "1"]

1. b3 f5 2. Bb2 e6 3. e4 Nh6 4. Qh5+ g6 5. Qh3 Rg8 6. exf5 exf5 7. Nc3 Qe7+ 8. Be2 c6 9. 0-0-0 d5 10. Re1 Be6 11. Nf3 Nd7 12. Nd4 0-0-0 13. Ba6 bxa6 14. Rxe6 Qf7 15. Rxc6+ Kb7 16. Ne6 Rc8 17. Rxc8 Kxc8 18. Nxf8 Qxf8 19. Nxd5 Qd6 20. Qxh6 Qxd5 21. Qxh7 Qe6 22. Qh3 Re8 23. Qe3 1-0

[Event "Lugansk Stanitsa"]
[Site "Lugansk"]
[Date "2010.12.19"]
[Round "6"]
[White "Semeniuk, Vladimir"]
[Black "Bedia, Melor"]
[Result "0-1"]
[WhiteElo "2259"]
[BlackElo "2489"]
[PlyCount "82"]
[EventDate "2010.12.16"]
[EventType "tourn"]
[EventRounds "9"]
[EventCountry "UKR"]
[EventCategory "6"]
[SourceTitle "CBM 140 Extra"]
[Source "ChessBase"]
[SourceDate "2011.03.01"]
[SourceVersion "1"]
[SourceVersionDate "2011.03.01"]
[SourceQuality "1"]

1. d4 Nf6 2. Nf3 d6 3. c4 h6 4. Nc3 Bf5 5. g3 Ne4 6. Nxe4 Bxe4 7. Bg2 d5 8. 0-0 dxc4 9. Qa4+ Nc6 10. Qxc4 Qd5 11. Qxd5 Bxd5 12. e3 g5 13. Bd2 0-0-0 14. a3 g4 15. Nh4 e5 16. Bxd5 Rxd5 17. Bc3 exd4 18. exd4 Be7 19. Ng2 Nxd4 20. Ne3 Ne2+ 21. Kg2 Nxc3 22. bxc3 Rd3 23. Nxg4 Rxc3 24. a4 Bd6 25. Ne3 a6 26. Rfd1 Bc5 27. Nf1 Re8 28. Ra2 b6 29. h4 Rd8 30. Re1 Rcd3 31. Re5 Bd4 32. Rh5 Rd6 33. Rf5 Rd7 34. Rh5 Bg7 35. Rf5 c5 36. a5 Kb7 37. axb6 Kxb6 38. Rf4 Bd4 39. g4 c4 40. g5 hxg5 41. hxg5 c3 0-1